A Sexual profile of men in power (Record no. 29983)

MARC details
000 -LEADER
fixed length control field 00271nam a2200109Ia 4500
082 ## - DEWEY DECIMAL CLASSIFICATION NUMBER
Classification number 159.922
Item number JAN
100 ## - MAIN ENTRY--AUTHOR NAME
Personal name Janus, Sam
245 #2 - TITLE STATEMENT
Title A Sexual profile of men in power
260 ## - PUBLICATION, DISTRIBUTION, ETC. (IMPRINT)
Place of publication New York
Name of publisher Warner
Year of publication 1978
942 ## - ADDED ENTRY ELEMENTS (KOHA)
Koha item type Books
Holdings
Withdrawn status Lost status Damaged status Not for loan Home library Current library Date acquired Full call number Accession Number Koha item type
      Write off RRII Library RRII Library 16/12/2021 159.922 JAN 10563 Books